[Event "SVK ECo-C Extraliga 2021-22"]
[Site "Slovakia"]
[Date "2022.03.12"]
[Round "5.7"]
[White "Teglas, Balazs"]
[Black "Zetocha, Adrian"]
[Result "0-1"]
[WhiteElo "2173"]
[BlackElo "2243"]
[Annotator "TA"]
[PlyCount "120"]
[EventDate "2021.10.21"]
[EventType "team-tourn"]
[EventCountry "SVK"]
[SourceTitle "playchess.com"]
[Source "ChessBase"]
[SourceQuality "1"]

{[%evp 10,120,5,5,13,13,19,0,0,0,1,0,4,4,0,0,2,-9,-5,-24,-22,-12,-25,-26,-18,-29,-24,-32,-27,-32,-7,-63,-58,-51,-38,-52,-53,-44,-24,-25,-25,-67,-69,-79,-44,-24,0,0,72,-52,-53,-51,-49,-49,-49,-59,0,-449,-455,-425,143,-90,-79,-636,-5,-4,-4,-4,0,-1,-3,-70,-85,-118,-13,-10,-13,0,0,0,0,-20,-20,-20,-14,-14,-14,-14,-14,-14,-14,-22,-22,-139,-131,-140,-131,-132,-132,-133,-132,-151,-128,-859,-824,-657,-555,-29968,-29969,-29971,-29973,-29972,-29972]} 1. d4 Nf6 2. Nf3 d5 3. Bf4 e6 4. e3 Bd6 5. Nbd2 Bxf4 6. exf4 Qd6 {D02: 1 d4 d5 2 Nf3 sidelines, including 2...Nf6 3 g3 and 2...Nf6 3 Bf4.} 7. g3 $1 b6 8. c3 O-O {The position is equal.} 9. Bd3 c5 10. O-O Ba6 11. Bxa6 Nxa6 {[#]} 12. Qa4 $146 ({Predecessor:} 12. Qe2 Nc7 13. dxc5 bxc5 14. Rfd1 Qb6 15. Rab1 a5 16. Ne5 Rfd8 17. Qe3 Rab8 18. c4 {1-0 (52) Ozturk Orenli,K (2249)-Kaspi,A (2440) Skopje 2015}) 12... Nb8 13. Ne5 Rc8 14. dxc5 bxc5 15. Rad1 Nc6 16. Rfe1 Rab8 17. b3 Qc7 18. Nd3 Qb6 19. Qa3 Nd7 20. c4 (20. Nf3 $11) 20... Nd4 $15 21. Rc1 {Inhibits Nc2.} Rc7 22. cxd5 exd5 23. Qa4 {[%cal Oc1c5]} Nb5 24. f5 Rbc8 25. Nf4 (25. Ne5 $11) 25... Nf6 26. Re5 Qd6 27. Rce1 Nc3 28. Qa5 Nce4 (28... d4 $1 $11 {keeps the balance.}) 29. Nxd5 Qxe5 30. Nxc7 Qxf5 (30... Rxc7 31. Nxe4 Nxe4 32. Rxe4 $1 Qxe4 33. Qxc7 Qe1+ 34. Kg2 Qe4+ 35. Kh3 Qxf5+ 36. g4 Qf3+ 37. Qg3 $11) 31. Nxe4 Nxe4 32. Re2 {[%cal Oa5a4]} Ng5 ({Black should play} 32... h5 $15 33. h4 Qf3) 33. f4 $2 {[%mdl 8192]} (33. Qa6 $1 $11) 33... Nf3+ $19 (33... Qd3 34. Qb5 $1 Nf3+ 35. Kg2 Qxb5 36. Nxb5 $16) 34. Kg2 Nxh2 {[#]} 35. Qa6 Ng4 $17 {Hoping for ...Nf6.} 36. Qxa7 $2 {[%mdl 8192]} (36. Qb7 $17 Rd8 37. Qd5) 36... Qd3 $2 ({Inferior is} 36... Qd7 37. Qa4 Qxa4 38. bxa4 $11) (36... g6 $19 37. Qb7 Rxc7 $1 {[%mdl 512]}) 37. Qa6 $11 Qxa6 ({But not} 37... Qd7 38. Qb5 $1 Qxb5 39. Nxb5 $14) 38. Nxa6 {[%mdl 4096] Endgame KRN-KRN} f5 39. Kf3 Rc6 40. Nb8 (40. Re8+ $11 Kf7 41. Ra8) 40... Rd6 $15 41. Rc2 {[#]} Rd3+ ({Black should try} 41... g6 $1 $17 {...Rd3+ is the strong threat.} 42. Re2 Kf7) 42. Ke2 $11 Rxg3 43. Rxc5 h5 44. Rxf5 h4 {And now ...h3 would win.} 45. Rh5 h3 46. Nc6 h2 47. Ne5 $1 Rg1 {[%cal Og7g6]} 48. Nxg4 h1=Q 49. Rxh1 Rxh1 {KR-KN} 50. Kd3 Rh4 51. Ne3 (51. Ne5 $11) 51... Rxf4 $17 52. a4 {[#]} Kf7 $1 {aiming for ...Ke6.} 53. Nd5 Rf3+ 54. Ne3 Ke6 {Threatens to win with ...Ke5.} 55. Ke4 Rf2 56. Nc4 $2 {[%mdl 8192]} (56. a5 $17) 56... g5 $19 {[%cal Bg7g5,Bg5g4,Bg4g3,Bg3g2][%mdl 32] Strongly threatening ...g4.} 57. a5 Ra2 58. Kd4 g4 {Black mates.} 59. b4 g3 60. Ne3 g2 {Weighted Error Value: White=0.62/Black=0.34} 0-1

[Event "SVK ECo-C Extraliga 2021-22"]
[Site "Slovakia"]
[Date "2022.03.12"]
[Round "5.7"]
[White "Kravec, Patrik"]
[Black "Macko, Michal"]
[Result "1/2-1/2"]
[WhiteElo "2140"]
[BlackElo "2161"]
[Annotator "ChessBase"]
[PlyCount "84"]
[EventDate "2021.10.21"]
[EventType "team-tourn"]
[EventCountry "SVK"]
[SourceTitle "playchess.com"]
[Source "ChessBase"]
[SourceQuality "1"]
[TimeControl "40/5400+30:1800+30"]

1. g3 {[%emt 0:00:23]} d5 {[%emt 0:00:28]} 2. Nf3 {[%emt 0:01:10]} Nf6 {[%emt 0:00:31]} 3. Bg2 {[%emt 0:00:40]} e6 {[%emt 0:00:28]} 4. O-O {[%emt 0:00:46]} c5 {[%emt 0:00:13]} 5. d3 {[%emt 0:02:17]} Nc6 {[%emt 0:00:14]} 6. Nbd2 {[%emt 0:01:00]} Be7 {[%emt 0:00:45]} 7. e4 {[%emt 0:10:31]} Qc7 {[%emt 0:00:17]} 8. Re1 {[%emt 0:00:34]} b6 {[%emt 0:00:13]} 9. Nf1 {[%emt 0:02:56]} Bb7 {[%emt 0:00:44]} 10. e5 {[%emt 0:07:31]} Nd7 {[%emt 0:00:10]} 11. Bf4 {[%emt 0:00:05]} h6 {[%emt 0:00:53]} 12. h4 {[%emt 0:01:13]} O-O-O {[%emt 0:01:21]} 13. Ne3 {[%emt 0:08:54]} Rdg8 {[%emt 0:19:39]} 14. Nxd5 {[%emt 0:08:41]} exd5 {[%emt 0:00:19]} 15. e6 {[%emt 0:00:05]} Bd6 {[%emt 0:00:05]} 16. exd7+ {[%emt 0:02:23]} Qxd7 {[%emt 0:00:13]} 17. Bxd6 {[%emt 0:08:51]} Qxd6 {[%emt 0:00:14]} 18. d4 {[%emt 0:01:13]} g5 {[%emt 0:04:32]} 19. h5 {[%emt 0:08:16]} Re8 {[%emt 0:05:44]} 20. c3 {[%emt 0:03:57]} Kb8 {[%emt 0:14:21]} 21. Qd2 {[%emt 0:01:15]} Bc8 {[%emt 0:04:49]} 22. Ne5 {[%emt 0:04:07]} Nxe5 {[%emt 0:04:03]} 23. dxe5 {[%emt 0:00:52]} Rxe5 {[%emt 0:00:13]} 24. Rxe5 {[%emt 0:00:16]} Qxe5 {[%emt 0:00:05]} 25. Re1 {[%emt 0:00:59]} Qd6 {[%emt 0:01:22]} 26. Qxd5 {[%emt 0:02:58]} Qxd5 {[%emt 0:02:22]} 27. Bxd5 {[%emt 0:00:04]} f5 {[%emt 0:11:28]} 28. Re7 {[%emt 0:03:09]} Rd8 {[%emt 0:00:13]} 29. c4 {[%emt 0:00:41]} b5 {[%emt 0:00:24]} 30. b3 {[%emt 0:00:23]} Rd6 {[%emt 0:01:07]} 31. Rg7 {[%emt 0:03:56]} Bd7 {[%emt 0:03:06]} 32. f4 {[%emt 0:04:32]} g4 {[%emt 0:01:53]} 33. Kf2 {[%emt 0:03:02]} b4 {[%emt 0:05:55]} 34. Rg6 {[%emt 0:07:05]} Kc7 {[%emt 0:01:00]} 35. Rxd6 {[%emt 0:01:20]} Kxd6 {[%emt 0:00:16]} 36. Bf7 {[%emt 0:00:02]} a5 {[%emt 0:00:19]} 37. Ke3 {[%emt 0:00:06]} a4 {[%emt 0:05:56]} 38. Kd2 {[%emt 0:00:23]} a3 {[%emt 0:00:25]} 39. Kc2 {[%emt 0:01:25]} Bc6 {[%emt 0:00:29]} 40. Kc1 {[%emt 0:00:52]} Be4 {[%emt 0:00:14]} 41. Be8 {[%emt 0:31:03]} Ke7 {[%emt 0:30:16]} 42. Bg6 {[%emt 0:00:20]} Kf6 {[%emt 0:02:41]} 1/2-1/2

[Event "SVK ECo-C Extraliga 2021-22"]
[Site "Slovakia"]
[Date "2022.03.12"]
[Round "5.7"]
[White "Gulbis, Adrian"]
[Black "Csonka, Attila Istvan"]
[Result "0-1"]
[WhiteElo "2093"]
[BlackElo "2334"]
[Annotator "TA"]
[PlyCount "90"]
[EventDate "2021.10.21"]
[EventType "team-tourn"]
[EventCountry "SVK"]
[SourceTitle "playchess.com"]
[Source "ChessBase"]
[SourceQuality "1"]

{[%evp 18,90,-25,-33,-31,-32,-31,-46,-44,-45,-4,-55,-50,-43,-45,-65,-71,-66,-57,-52,-46,-63,-53,-77,-76,-98,-90,-98,-105,-109,-117,-173,-131,-161,-141,-140,-103,-100,-102,-124,-79,-86,-89,-79,-67,-184,0,0,0,-242,-233,-332,-342,-409,-362,-639,-631,-29951,-29953,-29953,-29954,-29955,-29955,-29953,-29954,-29972,-29966,-29965,-29966,-29966,-29964,-29971,-29971,-29967,-6075]} 1. d4 Nf6 2. c4 e6 3. Nf3 b6 4. Nc3 Bb7 5. Bg5 {[%cal Bc1g5,Bg5h4,Bh4g3][%mdl 32]} Bb4 6. Rc1 h6 7. Bh4 g5 8. Bg3 Ne4 9. e3 {is the legacy move (9.Nd2).} Bxc3+ 10. bxc3 d6 {E13: Queen's Indian/Nimzo-Indian hybrid: 4 Nc3 Bb7 5 Bg5 h6 6 Bh4 Bb4.} 11. Bd3 Nd7 12. Bxe4 Bxe4 {Black is slightly better.} 13. O-O O-O {[#]} (13... Qe7 $15 {might be stronger.}) 14. Qe2 $146 (14. Nd2 $11 Bg6 15. f4) ({Predecessor:} 14. h4 Kg7 15. hxg5 hxg5 16. Nd2 Bg6 17. f4 Rh8 18. Nf3 gxf4 19. Bxf4 Qg8 20. c5 bxc5 {0-1 (35) Gonzalez Vassallo,E (1834)-Dumas Aviles,A (2341) Santiago de Chile 2009}) 14... f5 $15 15. Nd2 Bb7 16. f4 Nf6 $1 {Inhibits e4.} 17. Rce1 {[%cal Od4d5]} Ne4 (17... Qd7 {seems wilder.} 18. c5 g4 19. cxd6 cxd6 20. c4 Rac8) 18. Nxe4 Bxe4 19. Rd1 Qf6 20. Qd2 Rf7 21. Qf2 Kh7 22. fxg5 Qxg5 23. Rd2 {[%cal Oc4c5]} Rg8 {Black is more active.} 24. Qf4 {[#]} (24. c5 $17 {keeps fighting.}) 24... Qe7 $1 $19 {Threatens to win with ...Rg4.} 25. Qh4 Qe8 26. Qh5 Rg5 27. Qd1 Rfg7 28. Rff2 {[%cal Oc4c5]} Qc6 (28... e5 $142 {Strongly threatening ...Rg4.} 29. dxe5 dxe5) 29. Qb3 $17 h5 30. Qb5 Qa8 {[%cal Of5f4]} 31. c5 {[#]} (31. Rf4 $1 $15) 31... Bxg2 $2 32. Rxg2 $11 h4 $1 $36 {[%mdl 2048] Black is pushing.} 33. c6 $2 hxg3 $19 34. hxg3 (34. Kf1 $142) 34... Rxg3 35. Rxg3 Rxg3+ {[%mdl 4096] Endgame KQR-KQR} 36. Rg2 $2 (36. Kf1 Rxe3 37. Rh2+ Kg7 38. c4) 36... Qg8 37. Qe2 {Hoping for Qh5+.} Rxg2+ {Black mates.} 38. Qxg2 Qxg2+ 39. Kxg2 {KP-KP} Kg6 40. Kf3 e5 41. e4 Kg5 42. exf5 Kxf5 43. Ke3 d5 {[%cal Bd6d5,Bd5c4][%mdl 32]} 44. c4 Ke6 (44... dxc4 $2 45. d5 c3 46. d6 $18) 45. Kd3 dxc4+ {Weighted Error Value: White=0.46/Black=0.11 (very precise)} 0-1

[Event "SVK ECo-C Extraliga 2021-22"]
[Site "Slovakia"]
[Date "2022.03.12"]
[Round "5.7"]
[White "Jurcisin, Imrich"]
[Black "Zambor, Norbert"]
[Result "0-1"]
[WhiteElo "2076"]
[BlackElo "2292"]
[Annotator "TA"]
[PlyCount "80"]
[EventDate "2021.10.21"]
[EventType "team-tourn"]
[EventCountry "SVK"]
[SourceTitle "playchess.com"]
[Source "ChessBase"]
[SourceQuality "1"]

{[%evp 17,80,18,6,12,33,-16,13,15,29,-2,-9,-11,-11,-21,-35,-52,22,27,37,22,70,-12,-3,-7,-8,-9,-12,-9,-9,-15,49,45,38,26,61,60,99,96,138,20,195,-171,-189,-301,-304,-304,-305,-406,-302,-326,-242,-305,-291,-448,-436,-439,-430,-499,-467,-708,-704,-691,-598,-1079,-1004]} 1. e4 c5 2. Nf3 {[%cal Bg1f3,Bf3d4,Bd4b5][%mdl 32]} Nc6 3. d4 cxd4 4. Nxd4 Nf6 5. Nc3 e5 6. Ndb5 d6 7. Nd5 Nxd5 8. exd5 Ne7 9. c4 Ng6 10. Qa4 {B33: Sicilian: Pelikan and Sveshnikov Variations.} Bd7 11. Qa3 (11. Qb4 $1 $14 {feels stronger.}) 11... Qb8 {[#]} (11... Bxb5 $5 12. cxb5 Be7 $11) 12. Be3 $146 {next Qa5 is good for White. The position is equal.} ({Predecessor:} 12. Bd2 a6 13. Nc3 Be7 14. Be2 O-O 15. O-O f5 16. b4 a5 17. bxa5 e4 18. Rab1 {0-1 (53) Tarun,K (2369)-Lagunow,R (2378) Chess.com INT 2020}) 12... b6 {To avoid Qa5} 13. Be2 Be7 14. O-O O-O 15. Rac1 f5 16. f3 f4 (16... a6 $1 $15 17. Nc3 Nf4) 17. Bf2 $11 Rf5 18. b4 Bh4 (18... Rh5 $11 {might be stronger.}) 19. c5 (19. Nc3 $14) 19... bxc5 20. Qa6 Bxf2+ 21. Rxf2 Rf6 22. bxc5 dxc5 23. d6 {Nc7 is the strong threat.} Qb6 (23... Bxb5 $11 24. Bxb5 Qxd6 25. Qxd6 Rxd6) 24. Nc7 $1 $14 Qxa6 25. Bxa6 Rb8 26. Rd2 {[%mdl 1024] White has compensation.} Rb6 27. Bc4+ Kf8 {[#]} ({Better is} 27... Kh8) 28. Rcd1 ({Only move:} 28. Be6 $1 $16 {[%mdl 512]}) 28... Rb4 $2 {[#]} (28... e4 $1 $11 {and Black is okay.}) 29. Be2 $4 {[%mdl 8192]} (29. Be6 $1 $18 {[%mdl 512] and life is good for White.} Bxe6 30. Nxe6+ Rxe6 31. d7) 29... Rd4 $36 {[%mdl 2048] Keeping White busy.} 30. Bb5 (30. Rc2 $142) 30... Rfxd6 $1 31. Rxd4 cxd4 ({Weaker is} 31... exd4 32. Bxd7 Rxd7 33. Ne6+ Kf7 34. Nxc5 $17) 32. Kf2 Ke7 33. Bd3 Nf8 34. Be4 Bc6 {aiming for ...Bxe4.} 35. Re1 (35. Bd3 $142) 35... Bxe4 {Black is clearly winning.} 36. Rxe4 Nd7 37. Ke2 Rc6 38. Nd5+ (38. Nb5 $142 Rc2+ 39. Ke1) 38... Kd6 39. Nb4 Rc4 40. a3 Nf6 {Weighted Error Value: White=0.77/Black=0.32} 0-1

[Event "SVK ECo-C Extraliga 2021-22"]
[Site "Slovakia"]
[Date "2022.03.12"]
[Round "5.8"]
[White "Finek, Vaclav"]
[Black "Blaho, Stefan"]
[Result "1-0"]
[WhiteElo "2419"]
[BlackElo "2045"]
[Annotator "TA"]
[PlyCount "89"]
[EventDate "2021.10.21"]
[EventType "team-tourn"]
[EventCountry "SVK"]
[SourceTitle "playchess.com"]
[Source "ChessBase"]
[SourceQuality "1"]

{[%evp 16,89,19,0,33,38,36,20,44,44,43,43,41,44,47,47,54,37,50,49,60,44,78,77,75,81,81,80,125,0,0,-18,-19,-14,-13,-14,-13,-7,-12,-8,0,-65,-11,-48,-47,-58,-27,-63,-69,-281,-262,-314,-146,-118,0,0,0,0,148,138,148,119,1154,186,187,143,130,212,261,123,29985,29986,29989,29990,29991,29992]} 1. d4 d5 2. c4 c6 3. Nf3 Nf6 4. Qc2 g6 5. Bf4 Bg7 6. e3 Bf5 7. Bd3 Bxd3 8. Qxd3 O-O 9. Nc3 dxc4 {D93: Grünfeld: 4 Nf3 Bg7 5 Bf4 0-0 6 e3.} (9... c5 $5) 10. Qxc4 Nd5 11. Bg3 Na6 {The position is equal.} 12. O-O {[#]} Rc8 $146 ({Predecessor:} 12... Nb6 13. Qe2 c5 14. dxc5 Nxc5 15. Rfd1 Qc8 16. Rac1 Qg4 17. Nd5 Nxd5 18. Rxc5 Nb6 {0-1 (36) Ivanov,M (2510)-Welling,G (2370) Berlin 1999}) 13. Qb3 {Strongly threatening Nxd5.} Qd7 14. Ne5 Bxe5 15. Bxe5 Nxc3 16. bxc3 c5 17. a4 Rfd8 18. Qb5 Qc6 19. Rfb1 {White is more active.} Rd7 20. h3 Qe6 21. Rb2 c4 (21... cxd4 $142 22. cxd4 f6) 22. e4 (22. a5 $16) 22... Nc5 $1 $11 23. Re2 {[#]} (23. dxc5 a6 24. Qxd7 Qxd7 $17) 23... a6 $1 24. Qb1 Nd3 25. Bg3 f5 26. f3 f4 27. Bf2 g5 28. Qa2 ({Better is} 28. d5 $11 Qd6 29. Qb6) 28... h5 (28... Qf6 $15) 29. d5 (29. Rd2 $5 {[%cal Rd2d3]} Rd6 30. a5 $11) 29... Qg6 30. Bd4 Kh7 31. Kh2 g4 $1 {And now ...gxh3 would win.} 32. hxg4 (32. Rg1 $15) 32... hxg4 $19 33. Rh1 e5 (33... Kg8 $19 {Hoping for ...gxf3.} 34. fxg4 (34. Kg1 $2 e5 $19) 34... Qxg4) 34. dxe6 $17 {[#] White threatens Kg1+ and mate.} Qxe6 (34... Rxd4 $1 $17 {[%mdl 512]} 35. cxd4 (35. Kg1+ Kg7 $19) 35... gxf3) 35. Kg1+ Kg6 {[%cal Od7d4] Threatens to win with ...Rxd4!} 36. Rh4 {Black must now prevent Rd2.} Rh7 (36... g3 $11 37. Rd2 Rxd4 38. cxd4 Qf6) 37. Rxg4+ $16 Kf7 38. Rd2 Rch8 $2 {[%mdl 8192] [#]} 39. Rxd3 $1 {[%mdl 512]} cxd3 $18 40. Rxf4+ (40. Qb2 $18 Rh1+ 41. Kf2) 40... Ke7 $16 41. Qb2 {Really sharp!} Qd7 42. c4 ({Weaker is} 42. Bxh8 d2 43. Qb4+ Qd6 44. Bf6+ (44. Qxb7+ Kd8 $11) 44... Kd7 45. Qxb7+ Qc7 46. Qd5+ Qd6 47. Qxd6+ Kxd6 48. e5+ Ke6 $16) (42. Kf2 $18 {is more deadly.} Ke8 43. Bxh8) 42... Rf7 $2 {[%mdl 8192]} 43. Bc5+ {White mates.} ({Inferior is} 43. Rxf7+ Kxf7 44. Bxh8 d2 45. Qg7+ Ke8 46. Qe5+ Kf8 47. Qf4+ Ke8 48. Qe5+ Kf8 49. Qf4+ Ke8 50. Qb8+ Kf7 51. Qf4+ Ke8 $11) 43... Ke6 44. Qxh8 Rxf4 45. Qh3+ {Weighted Error Value: White=0.47/Black=0.36} 1-0

[Event "SVK ECo-C Extraliga 2021-22"]
[Site "Slovakia"]
[Date "2022.03.12"]
[Round "5.8"]
[White "Kusiak, Matej"]
[Black "Antal, Jakub"]
[Result "1-0"]
[WhiteElo "2251"]
[BlackElo "1898"]
[Annotator "TA"]
[PlyCount "71"]
[EventDate "2021.10.21"]
[EventType "team-tourn"]
[EventCountry "SVK"]
[SourceTitle "playchess.com"]
[Source "ChessBase"]
[SourceQuality "1"]

{[%evp 9,71,7,10,-5,0,-34,-24,-37,-33,-33,-33,-39,-34,-63,-29,-31,-16,-37,-18,-18,-14,-49,-30,-57,-50,-56,-41,-42,-35,-77,-56,-92,-95,-152,-151,-143,-36,-79,-28,0,0,0,-11,-26,-40,-36,159,141,888,149,141,142,29985,29986,29994,29982,29992,29993,29993,29994,29994,29995,29995,29996]} 1. e4 {[%cal Be2e4,Be4e5][%mdl 32]} Nf6 2. Nc3 d5 3. e5 Ne4 4. Qf3 Nxc3 5. dxc3 c5 6. Bf4 {B02: Alekhine's Defence: Chase Variation and lines with early Nc3.} (6. Be3 $5 {[%cal Re3c5]}) 6... Bf5 {[#]} 7. Bb5+ $146 ({Predecessor:} 7. O-O-O e6 8. Ne2 Nc6 9. h4 h5 10. Kb1 Qa5 11. Rd2 c4 12. Ng3 Bg6 13. Qd1 {0-1 (27) Zahariev,Z (2415)-Stefanopoulos,O (2295) Chania 1996}) 7... Nc6 8. Bd3 {Black has an edge.} Bxd3 9. Qxd3 {[%cal Oe5e6]} e6 10. Nf3 {Inhibits g5.} Be7 11. O-O Qa5 12. b3 b5 13. Qe2 h6 14. a4 b4 15. cxb4 (15. c4 $5 {[%cal Rc4d5]}) 15... Qxb4 16. Bd2 Qb7 17. Ne1 Rc8 18. Qg4 Kf8 19. f4 (19. Nf3 $15 {should be considered.}) 19... g6 20. Qh3 Nd4 21. Rd1 (21. Be3 $142) 21... Qa6 $17 22. Be3 Nf5 ({Black should play} 22... Ne2+ $17 23. Kf2 Nc3) 23. Bf2 (23. g4 $1 $15 Nxe3 24. Qxe3) 23... Kg7 (23... h5 $17) 24. g4 $1 $11 {[%cal Bg2g4,Bg4f5,Bf5f6][%mdl 32]} Nd4 25. Bxd4 cxd4 26. Rd3 h5 {aiming for ...hxg4.} 27. f5 {f6+ is the strong threat.} exf5 (27... hxg4 $15 {stays ahead.} 28. f6+ Kg8 29. Qxg4 Bb4) 28. gxf5 $16 Bb4 $2 {[%mdl 8192]} (28... Bg5 $16) 29. Nf3 $2 (29. fxg6 $18 Kh6 30. gxf7 Bxe1 31. e6) 29... Rxc2 {[#]} 30. Ng5 $1 {Threatens to win with f6+.} ({Reject} 30. f6+ $6 Kh6 31. Rfd1 (31. Nxd4 Bc5 $11) 31... Qc8 32. Qxc8 Rhxc8 $11) 30... Bd2 $2 {[%mdl 8192]} (30... Rhc8 $16) 31. f6+ {White mates.} Kg8 {[#]} 32. Rxd2 $1 {[%mdl 512]} Rxd2 (32... Rc7 33. e6) 33. Qd7 {[%csl Gg5,LRd5,LRf7][%cal Rd7f7]} Rg2+ 34. Kxg2 {[%csl Gg5][%cal Rd7f7]} Qe2+ 35. Rf2 {[%csl Gg5][%cal Rd7f7]} Qg4+ 36. Qxg4 {White used his chance.  Weighted Error Value: White=0.39/Black=0.46} 1-0

[Event "SVK ECo-C Extraliga 2021-22"]
[Site "Slovakia"]
[Date "2022.03.12"]
[Round "5.8"]
[White "Tropp, Oliver"]
[Black "Pcola, Jaroslav"]
[Result "1-0"]
[WhiteElo "2070"]
[BlackElo "2041"]
[Annotator "ChessBase"]
[PlyCount "33"]
[EventDate "2021.10.21"]
[EventType "team-tourn"]
[EventCountry "SVK"]
[SourceTitle "playchess.com"]
[Source "ChessBase"]
[SourceQuality "1"]
[TimeControl "40/5400+30:1800+30"]

1. c4 {[%emt 0:00:04]} Nf6 {[%emt 0:00:22]} 2. Nc3 {[%emt 0:00:18]} c5 {[%emt 0:01:11]} 3. Nf3 {[%emt 0:00:27]} Nc6 {[%emt 0:01:32]} 4. d4 {[%emt 0:02:04]} cxd4 {[%emt 0:01:11]} 5. Nxd4 {[%emt 0:00:09]} Nxd4 {[%emt 0:01:23]} 6. Qxd4 {[%emt 0:00:06]} g6 {[%emt 0:00:43]} 7. e4 {[%emt 0:00:41]} d6 {[%emt 0:00:34]} 8. Bg5 {[%emt 0:02:34]} Bg7 {[%emt 0:01:05]} 9. Be2 {[%emt 0:19:48]} O-O {[%emt 0:00:59]} 10. Qd2 {[%emt 0:00:55]} Qa5 {[%emt 0:04:00]} 11. O-O {[%emt 0:01:03]} Be6 {[%emt 0:03:41]} 12. Rac1 {[%emt 0:06:38]} Rfc8 {[%emt 0:02:45]} 13. b3 {[%emt 0:02:59]} Qd8 {[%emt 0:09:02]} 14. f4 {[%emt 0:04:50]} Qf8 {[%emt 0:14:33]} 15. f5 {[%emt 0:03:42]} Bd7 {[%emt 0:00:49]} 16. e5 {[%emt 0:01:24]} Ne8 {[%emt 0:05:10]} 17. f6 {[%emt 0:00:12]} 1-0